Sports Quiz

Random Sports Quiz

Cycling: Tour de Romandie Winners Quiz Stats

Quiz not verified by Sporcle

Challenge
Share
Tweet
Embed
Score 0/71 Timer 10:00
0 Plays Today
Year Winner % Correct
2006Cadel Evans
97.1%
2011Cadel Evans
97.1%
2012Bradley Wiggins
97.1%
2013Chris Froome
97.1%
2014Chris Froome
97.1%
2016Nairo Quintana
97.1%
2009Roman Kreuziger
94.3%
1983Stephen Roche
92.9%
1984Stephen Roche
92.9%
1987Stephen Roche
92.9%
1991Tony Rominger
92.9%
1995Tony Rominger
92.9%
1968Eddy Merckx
91.4%
2017Richie Porte
89.2%
2003Tyler Hamilton
85.7%
2004Tyler Hamilton
85.7%
2015Ilnur Zakarin
82.9%
1980Bernard Hinault
81.4%
2008Andreas Klöden
81.4%
2010Alejandro Valverde (stripped)
80%
1953Hugo Koblet
78.6%
1948Ferdi Kübler
77.1%
1951Ferdi Kübler
77.1%
1999Laurent Jalabert
75.7%
1974Joop Zoetemelk
72.9%
1969Felice Gimondi
71.4%
2005Santiago Botero
71.4%
2007Thomas Dekker
71.4%
1949Gino Bartali
70%
1997Pavel Tonkov
70%
1998Laurent Dufaux
65.7%
1989Phil Anderson
62.9%
1993Pascal Richard
62.9%
1994Pascal Richard
62.9%
1992Andy Hampsten
61.4%
1996Abraham Olano
60%
Year Winner % Correct
2000Paolo Savoldelli
55.7%
1979Giuseppe Saronni
51.4%
1970Gösta Pettersson
48.6%
1972Bernard Thévenet
48.6%
1990Charly Mottet
48.6%
1986Claude Criquielion
44.3%
2001Dario Frigo
42.9%
2002Dario Frigo
42.9%
1966Gianni Motta
41.4%
1971Gianni Motta
41.4%
1978Johan van der Velde
41.4%
1981Tommy Prim
41.4%
1965Vittorio Adorni
40%
1967Vittorio Adorni
40%
1976Johan De Muynck
40%
1977Gianbattista Baronchelli
32.9%
1952Wout Wagtmans
22.9%
1975Francisco Galdos
22.9%
1954Jean Forestier
15.7%
1957Jean Forestier
15.7%
1950Edouard Fachleitner
8.6%
1956Pasquale Fornara
8.6%
1958Gilbert Bauvin
8.6%
1973Wilfried David
8.6%
1985Jorg Müller
7.1%
1988Gérard Veldscholten
7.1%
1963Willy Bocklant
5.7%
1982Jostein Wilmann
5.7%
1947Désiré Keteleer
4.3%
1964Rolf Maurer
4.3%
1955René Strehler
2.9%
1959Kurt Gimmi
2.9%
1960Louis Rostollan
2.9%
1961Louis Rostollan
2.9%
1962Guido de Rosso
2.9%

You're not logged in!

Compare scores with friends on all Sporcle quizzes.
Sign Up with Email
OR
Log In

You Might Also Like...

Show Comments

Extras

Top Quizzes Today


Score Distribution

Your Account Isn't Verified!

In order to create a playlist on Sporcle, you need to verify the email address you used during registration. Go to your Sporcle Settings to finish the process.

Report this User

Report this user for behavior that violates our Community Guidelines.

Details: